Nové trendy internetových služieb a možnosti ich využitia v e-governmente

Aktuálne internetové služby, ktoré možno efektívne etablovať a využívať v oblasti poskytovania služieb e-governmentu. Služby web 1 a web 2. Využívanie sociálnych sietí. Cloud computing - virtualizácia výpočtových prostriedkov. Blogy, wiki a podcasty. E-procurement - obchodovanie vo verejnej správe.

Guardado en:
Detalles Bibliográficos
Autor principal: Potisková, Ingrid
Formato: Capítulo de libro
Lenguaje:eslovaco
Materias:
Etiquetas: Agregar Etiqueta
Sin Etiquetas, Sea el primero en etiquetar este registro!

MARC

LEADER 00000nla$a2200000$$$4500
001 0141736
005 20240502072536.4
041 0 |a slo 
044 |a SK 
245 1 0 |a Nové trendy internetových služieb a možnosti ich využitia v e-governmente  |c Ingrid Potisková 
520 |a Aktuálne internetové služby, ktoré možno efektívne etablovať a využívať v oblasti poskytovania služieb e-governmentu. Služby web 1 a web 2. Využívanie sociálnych sietí. Cloud computing - virtualizácia výpočtových prostriedkov. Blogy, wiki a podcasty. E-procurement - obchodovanie vo verejnej správe. 
610 2 0 |a počítače 
610 2 0 |a internet 
610 2 0 |a správa verejná elektronická 
610 2 0 |a obchod elektronický 
100 1 |a Potisková, Ingrid